Normal view
MARC view
- Supervised by Lt Col Dr. Ashraf Masood
Entry Personal Name
001 - CONTROL NUMBER
- control field: 131783
003 - CONTROL NUMBER IDENTIFIER
- control field: NUST
005 - DATE AND TIME OF LATEST TRANSACTION
- control field: 20251111132134.0
008 - FIXED-LENGTH DATA ELEMENTS
- fixed length control field: 251111|| aca||aabn | a|a d
040 ## - CATALOGING SOURCE
- Original cataloging agency: NUST
- Transcribing agency: NUST
100 ## - HEADING--PERSONAL NAME
- Personal name: Supervised by Lt Col Dr. Ashraf Masood
670 ## - SOURCE DATA FOUND
- Source citation: Work cat.: (NUST)188630: Rauf, GC Asad (TCC-6) 131782, Design, simulation and testing of an 8-BIT processor using VHDL coding for CPLDs /, 1999
